Music Quiz

Random Music or Song Quiz
Score 0/169 Timer 09:00
0 Plays Today
% Correct
the
95%
A
95%
the
95%
the
95%
The
95%
the
95%
the
95%
A
95%
a
95%
A
95%
a
95%
and
95%
a
95%
the
95%
and
95%
the
95%
the
95%
the
95%
the
95%
and
95%
A
95%
a
95%
the
95%
the
95%
and
95%
the
95%
the
95%
the
95%
the
95%
and
95%
I
93.1%
I
93.1%
I
93.1%
I
93.1%
I
93.1%
for
78.8%
for
78.8%
in
74.4%
in
74.4%
in
74.4%
in
74.4%
is
68.8%
is
68.8%
is
68.8%
is
68.8%
is
68.8%
is
68.8%
is
68.8%
be
66.3%
be
66.3%
on
65.6%
on
65.6%
on
65.6%
on
65.6%
me
65.6%
my
60.6%
with
58.1%
% Correct
it
56.9%
to
56.9%
it
56.9%
Crownless
56.3%
Crownless
56.3%
Crownless
56.3%
will
56.3%
Crownless
56.3%
will
56.3%
again
52.5%
again
52.5%
again,
52.5%
again,
52.5%
shall
51.3%
shall
51.3%
king
50.6%
One
50.6%
One
50.6%
One
50.6%
queen
50%
all
48.1%
all
48.1%
all
48.1%
Mine
47.5%
Mine
47.5%
am
47.5%
Mine
47.5%
Mine
47.5%
fall?
46.9%
fall?
46.9%
deep
45.6%
her
44.4%
once
44.4%
was
44.4%
was
44.4%
once
44.4%
was
44.4%
sword
42.5%
stone
42.5%
night
42.5%
sword
42.5%
stone
42.5%
moment
41.3%
what
41.3%
from
41.3%
what
41.3%
moment
41.3%
that
40.6%
Earth
40.6%
ever
40.6%
Earth
40.6%
gone
40%
gone
40%
lost
39.4%
idol
39.4%
idol
39.4%
wing
38.1%
% Correct
fleeting
38.1%
myself
38.1%
fleeting
38.1%
broken
37.5%
sleep
36.9%
but
36.3%
throne
35.6%
throne
35.6%
sins
35%
Now
34.4%
unseen
33.8%
Trophy
33.1%
confessing
33.1%
covered
33.1%
oil
33.1%
times
33.1%
white
33.1%
remains
32.5%
river
32.5%
things
32.5%
dressed
32.5%
Riddler
31.9%
gull
31.9%
ten
31.9%
hidden
31.3%
alone
31.3%
than
31.3%
grave
30.6%
boat
30.6%
truth
30.6%
rose
30.6%
worth
30.6%
Iron
30%
iron,
30%
Become
30%
sharp
29.4%
castles
29.4%
revealing
28.8%
fragrant
28.8%
sharpens
28.1%
laid
28.1%
road
27.5%
Ruling
27.5%
Devil
27.5%
hitcher
26.9%
razor
26.9%
still
26.3%
braver
26.3%
Roaming
25%
begging
25%
coin
25%
cripple
24.4%
being
24.4%
Reflection
23.8%
Chasten
23.8%
Remove Ads.
Support Sporcle.
Get the best of Sporcle when you Go Orange. This ad-free experience offers more features, more stats, and more fun while also helping to support Sporcle. Thank you for becoming a member.

You're not logged in!

Compare scores with friends on all Sporcle quizzes.
OR
Log In

Show Comments

Extras

Created Dec 22, 2012ReportNominate
Tags:Song Quiz, Nightwish

Top Quizzes Today


Score Distribution

Your Account Isn't Verified!

In order to create a playlist on Sporcle, you need to verify the email address you used during registration. Go to your Sporcle Settings to finish the process.

Report this User

Report this user for behavior that violates our Community Guidelines.

Details: